00326nam a2200121 a 450000500170000000800410001702000220005805000220008010000220010224500250012426000350014965000200018420140414132104.0100726s19uu xx 00 eng d a978-0-7097-0869-8 aM 398.2bSp9 1993 aSpurgeon, Maureen a365 Bedtime stories. aLondon :bBrown Watson,c1993. aBedtime stories